Movies Quiz

Random Movies or Decade Quiz

Five Decade Movie Medley IX Quiz Stats

 Plays Quiz Updated Feb 9, 2020

Support Sporcle.
Go Orange.
Score 0/25 Timer 07:00
4 Plays Today
Hint Answer % Correct
Snow White and the Seven Dwarfs
97.9%
1930s AFI Top 100King Kong
96.9%
1980s BuddiesTop Gun
93.8%
2000s Best ActressMillion Dollar Baby
88.9%
2010s RobotsStar Wars: The Force Awakens
84.2%
Bill and Ted's Excellent Adventure
83%
Erin Brockovich
81.5%
Lethal Weapon
81.2%
Walk the Line
74.3%
Monster
73%
The Blind Side
72.6%
1969 FilmsEasy Rider
72.1%
Trading Places
71%
Hint Answer % Correct
Big Hero 6
69%
Midnight Cowboy
68.9%
True Grit
68.7%
The Italian Job
63.2%
Mr. Smith Goes to Washington
59.7%
Ex Machina
52.7%
Pacific Rim
51.1%
Tango & Cash
42.7%
Modern Times
42.4%
Chappie
36.9%
On Her Majesty's Secret Service
35%
Bringing Up Baby
32.9%

You're not logged in!

Compare scores with friends on all Sporcle quizzes.
OR
Log In
Forgot?

From the Vault

My Heart Will Go On Clicky-oke

by Nb93

Music 3m
Admit it. You know you love this song.
Remove Ads.
Support Sporcle.
Get the best of Sporcle when you Go Orange. This ad-free experience offers more features, more stats, and more fun while also helping to support Sporcle. Thank you for becoming a member.

Show Comments

Extras

Top Quizzes Today


Score Distribution

Your Account Isn't Verified!

In order to create a playlist on Sporcle, you need to verify the email address you used during registration. Go to your Sporcle Settings to finish the process.

Report this User

Report this user for behavior that violates our Community Guidelines.

Details: